[Event "Oberbayerische Jugend-EM 2014/15  U16/U16w"]
[Site "Riedenburg"]
[Date "2015.02.20"]
[Round "5"]
[White "Hausmann, Sarah"]
[Black "Tupta, Szymon"]
[Result "1-0"]
[BlackElo "1505"]
[WhiteElo "1399"]

1.e4 c5 2.Nf3 d6 3.Be2 Nf6 4.d3 g6 5.O-O Bg7 6.c3 O-O 7.Na3 Nc6 8.Ne1 a6 9.f4 b5 10.Bf3
Bd7 11.e5 dxe5 12.fxe5 Ne8 13.d4 Rc8 14.Nac2 Nc7 15.Nd3 cxd4 16.cxd4 a5 17.Nc5 Ne6
18.Nxd7 Qxd7 19.d5 Nxe5 20.dxe6 Nxf3+ 21.Qxf3 Qxe6 22.Ne3 Bd4 23.Kh1 Rxc1 24.Raxc1
Qxe3 25.Qxe3 Bxe3 26.Rce1 Bc5 27.Re5 Bd6 28.Rxb5 Rb8 29.Rxb8+ Bxb8 30.Rd1 Bd6 31.Rd5
Bb4 32.a3 Be1 33.Re5 Bh4 34.Rxa5 f5 35.g3 Bf6 36.b4 e5 37.Kg2   1-0

[Event "Oberbayerische Jugend-EM 2014/15  U16/U16w"]
[Site "Riedenburg"]
[Date "2015.02.20"]
[Round "5"]
[White "Gauchel, Lorenz"]
[Black "Manco, Michela"]
[Result "1-0"]
[BlackElo "1640"]
[WhiteElo "1811"]

1.d4 d5 2.c4 e6 3.Nc3 Nf6 4.cxd5 exd5 5.Bg5 Be7 6.e3 c6 7.Bd3 O-O 8.Qc2 Nbd7 9.Nf3
Re8 10.O-O h6 11.Bh4 Nf8 12.Rab1 Bg4 13.Ne5 Bh5 14.b4 a6 15.a4 N6d7 16.Bxe7 Rxe7
17.Nxd7 Nxd7 18.b5 axb5 19.axb5 Bg4 20.Rfc1 Nf6 21.bxc6 bxc6 22.Na4 Rc8 23.Rb3 Ra7
24.Nc5 Rb8 25.Rxb8 Qxb8 26.Na6 Qd8 27.Qxc6 Be6 28.Rb1 Nd7 29.f4 g6 30.Bxg6 fxg6 31.Qxe6+
Kg7 32.Qc6 Nf6   1-0

[Event "Oberbayerische Jugend-EM 2014/15  U16/U16w"]
[Site "Riedenburg"]
[Date "2015.02.20"]
[Round "5"]
[White "Schumann, Oliver"]
[Black "Kobl, Rudolf"]
[Result "0-1"]
[BlackElo "1622"]
[WhiteElo "1597"]

1.e4 c5 2.Nf3 d6 3.d4 cxd4 4.Nxd4 Nf6 5.Nc3 Nc6 6.Be3 g6 7.Bc4 Bg7 8.Qd2 Ng4 9.Nb3
Nxe3 10.Qxe3 O-O 11.O-O Ne5 12.Be2 Be6 13.Nd4 Bc4 14.f4 Bxe2 15.Qxe2 Nd7 16.Nb3 a5
17.Kh1 a4 18.Nd2 Nc5 19.Rab1 a3 20.Qe3 axb2 21.Rxb2 Bxc3 22.Qxc3 Na4 23.Qb4 Nxb2
24.Qxb2 Qa5 25.Nf3 Qxa2 26.Qxb7 Ra7 27.Qb6 Rc8 28.h3 Rxc2 29.Rg1 Ra3 30.Ng5 h6 31.Qd8+
Kg7 32.Kh2 hxg5 33.fxg5 Qe6 34.Qh8+   0-1

[Event "Oberbayerische Jugend-EM 2014/15  U16/U16w"]
[Site "Riedenburg"]
[Date "2015.02.20"]
[Round "5"]
[White "Schuster, Alexander"]
[Black "Gnettner, Fabian"]
[Result "0-1"]
[BlackElo "1587"]
[WhiteElo "1203"]

1.e4 c5 2.Nf3 d6 3.Bc4 Nf6 4.Nc3 g6 5.d3 Bg7 6.O-O O-O 7.Be3 Nc6 8.h3 Bd7 9.Re1 a6
10.a4 Na5 11.Ba2 b5 12.axb5 axb5 13.Nd5 Nc6 14.Bg5 Nxd5 15.exd5 Ne5 16.c3 Re8 17.d4
Nxf3+ 18.Qxf3 cxd4 19.cxd4 Bxd4 20.Re2 b4 21.Qb3 Qb6 22.Rd1 Ba4   0-1

[Event "Oberbayerische Jugend-EM 2014/15  U16/U16w"]
[Site "Riedenburg"]
[Date "2015.02.20"]
[Round "5"]
[White "Gauchel, Verena"]
[Black "Shvartsman, Kristina"]
[Result "0-1"]
[BlackElo "1364"]
[WhiteElo "1287"]

1.d4 d5 2.Bf4 c6 3.Nf3 Nf6 4.e3 e6 5.Nbd2 Bd6 6.Bg5 O-O 7.c3 Re8 8.Be2 Nbd7 9.O-O
e5 10.h3 Qe7 11.Re1 Nf8 12.Nf1 h6 13.Bh4 Ng6 14.Bxf6 Qxf6 15.Ng3 e4 16.Nh2 Qh4 17.Nhf1
Qg5 18.Bh5 Nh4 19.Bg4 f5 20.Bh5 Rf8 21.b3 g6 22.Be2 Be6 23.Qd2 f4 24.exf4 Bxf4 25.Qd1
e3 26.Bg4 exf2+ 27.Kxf2 Bxg3+ 28.Kxg3 Qf4+ 29.Kxh4 g5+ 30.Kh5 Qf7+ 31.Kxh6 Qg7+ 32.Kh5
Bf7#   0-1

[Event "Oberbayerische Jugend-EM 2014/15  U16/U16w"]
[Site "Riedenburg"]
[Date "2015.02.21"]
[Round "6"]
[White "Hausmann, Sarah"]
[Black "von Schlippe, Nikolai"]
[Result "0-1"]
[BlackElo "1972"]
[WhiteElo "1399"]

1.e4 c5 2.Nf3 d6 3.Be2 Nc6 4.c3 Nf6 5.d3 g6 6.Na3 Bg7 7.O-O O-O 8.h3 Rb8 9.Be3 b5
10.Qd2 b4 11.Nc4 Ba6 12.Bh6 bxc3 13.bxc3 Bxc4 14.Bxg7 Kxg7 15.dxc4 Nxe4 16.Qc2 Nf6
17.Nd2 Qa5 18.Nb3 Qa4 19.Rfb1 Ne5 20.Nd4 Qxc2 21.Nxc2 Ne4 22.Rb3 Rxb3 23.axb3 Nxc3
24.Bf1 Rb8 25.Rxa7 Rxb3   0-1

[Event "Oberbayerische Jugend-EM 2014/15  U16/U16w"]
[Site "Riedenburg"]
[Date "2015.02.21"]
[Round "6"]
[White "Wagner, Patrick"]
[Black "Daoud, Marcel"]
[Result "1-0"]
[BlackElo "1672"]
[WhiteElo "1492"]

1.Nf3 e6 2.d4 Nf6 3.c4 Bb4+ 4.Nbd2 O-O 5.a3 Bxd2+ 6.Bxd2 d5 7.Qc2 Nc6 8.Bg5 Re8 9.cxd5
exd5 10.e3 Bg4 11.Bd3 h6 12.Bxf6 Qxf6 13.O-O-O Re6 14.Kb1 Rb8 15.h3 Bh5 16.g4 Qxf3
17.gxh5 Rf6 18.Rh2 Qxh5 19.Rg1 Kh8 20.Rhg2 g6 21.f4 Kg7 22.f5 g5 23.h4 Qxh4 24.Rh2
Nxd4 25.Qg2   1-0

[Event "Oberbayerische Jugend-EM 2014/15  U16/U16w"]
[Site "Riedenburg"]
[Date "2015.02.21"]
[Round "6"]
[White "Gauchel, Lorenz"]
[Black "Ovsepyan, Arshak"]
[Result "1/2-1/2"]
[BlackElo "2115"]
[WhiteElo "1811"]

1.d4 d5 2.c4 e6 3.Nc3 Nf6 4.cxd5 exd5 5.Bg5 Be7 6.e3 O-O 7.Bd3 h6 8.Bh4 b6 9.Qa4 Bb7
10.Nf3 Nbd7 11.O-O c5 12.dxc5 Nxc5 13.Qd4 Nfe4 14.Bxe7 Qxe7 15.Be2 Rfd8 16.Rfd1 Rac8
17.Rac1 a5 18.Bb5 Qd6 19.Nxe4 Nxe4 20.Ne1 Rc5 21.Bd3 Nf6 22.Rc2 Rdc8 23.Rdc1 Rxc2
24.Rxc2 Rc5 25.a3 Qc7 26.f3 Nd7 27.b4 axb4 28.axb4 Rxc2 29.Nxc2 Ne5 30.f4 Ng4 31.h3
Nf6 32.Kf2 Ba6 33.Kf3 Bxd3 34.Qxd3 Qd6 35.Qd4 Ne4 36.Ne1 Qc6 37.Qd3 g5 38.Qc2 Qd7
39.g4 h5 40.Nd3 Nf6 41.Ne5 Qb5 42.Nd3 Qd7 43.Ne5 Qb5   1/2-1/2

[Event "Oberbayerische Jugend-EM 2014/15  U16/U16w"]
[Site "Riedenburg"]
[Date "2015.02.21"]
[Round "6"]
[White "Kobl, Rudolf"]
[Black "Gnettner, Fabian"]
[Result "0-1"]
[BlackElo "1587"]
[WhiteElo "1622"]

1.e4 c5 2.Nf3 d6 3.d4 cxd4 4.Nxd4 Nf6 5.Nc3 g6 6.Bc4 Bg7 7.Be3 Nc6 8.Bb3 Bd7 9.f3
O-O 10.Qd2 Na5 11.O-O-O Rb8 12.g4 b5 13.h4 b4 14.Nce2 e5 15.Nf5 Nxb3+ 16.cxb3 gxf5
17.gxf5 Kh8 18.h5 Rg8 19.Qxd6 Rc8+ 20.Kb1 Qc7 21.Rd2 Qxd6 22.Rxd6 Bb5 23.h6 Bf8 24.Rxf6
Bxe2 25.Bxa7 Bxf3 26.Re1 Rg4 27.Rxf7 Bxh6 28.Rf1 Bxe4+ 29.Ka1 Rg2 30.Rd7 Bc1 31.Bf2
Bxb2+ 32.Kxb2 Rc2+ 33.Ka1 Rcxf2 34.Rd8+ Kg7 35.Rd7+ Kf6 36.Rd6+ Ke7 37.Re6+ Kf7 38.Rxf2
Rg1+   0-1

[Event "Oberbayerische Jugend-EM 2014/15  U16/U16w"]
[Site "Riedenburg"]
[Date "2015.02.21"]
[Round "6"]
[White "Shvartsman, Kristina"]
[Black "Tupta, Szymon"]
[Result "1/2-1/2"]
[BlackElo "1505"]
[WhiteElo "1364"]

1.e4 c5 2.Nf3 d6 3.d4 cxd4 4.Nxd4 Nf6 5.Nc3 g6 6.Be3 Bg7 7.Be2 O-O 8.Qd2 Nc6 9.f4
Ng4 10.Bxg4 Bxg4 11.Nb3 Rc8 12.O-O Qd7 13.Rf2 Be6 14.Rb1 a6 15.Nd5 Bxd5 16.exd5 Nb8
17.c3 Qa4 18.Ra1   1/2-1/2

[Event "Oberbayerische Jugend-EM 2014/15  U16/U16w"]
[Site "Riedenburg"]
[Date "2015.02.21"]
[Round "6"]
[White "Gauchel, Verena"]
[Black "Schumann, Oliver"]
[Result "1-0"]
[BlackElo "1597"]
[WhiteElo "1287"]

1.d4 d5 2.Bf4 e6 3.Nf3 Nf6 4.e3 Nbd7 5.Nbd2 Be7 6.h3 c5 7.c3 b6 8.Bd3 Bb7 9.O-O O-O
10.Qe2 c4 11.Bc2 b5 12.b3 Nb6 13.Rfe1 h6 14.e4 Re8 15.a4 a6 16.a5 Nc8 17.e5 Nh7 18.b4
Bf8 19.Nh2 Ne7 20.Bg3 Nc6 21.h4 f6 22.Bg6 Re7 23.f4 f5 24.Bf2 Bc8 25.g4 fxg4 26.Qxg4
Bd7 27.h5 Be8 28.Bh4 Qc8 29.Bxe7 Bxe7 30.Kh1 Nf8 31.Bxe8 Qxe8 32.Rg1 Qf7 33.Rg2 Bd8
34.Rag1 Ra7 35.Rf1 Ne7 36.Rf3 Nf5 37.Rh3 Kh8 38.Rg1 Qg8 39.Ndf3 Ne3 40.Qg3 Nf5 41.Qf2
Qh7 42.Nf1 Rf7 43.Ng3 Ne7 44.Nh4 Bc7 45.Rf1 Nf5 46.Ngxf5 Rxf5 47.Nxf5 Qxf5 48.Qg3
Kh7 49.Rg1 Qe4+ 50.Qg2 Qxg2+ 51.Rxg2 Bd8 52.Rhg3 g5 53.hxg6+   1-0

[Event "Oberbayerische Jugend-EM 2014/15  U16/U16w"]
[Site "Riedenburg"]
[Date "2015.02.21"]
[Round "6"]
[White "Manco, Michela"]
[Black "Schuster, Alexander"]
[Result "1-0"]
[BlackElo "1203"]
[WhiteElo "1640"]

1.e4 e5 2.Nf3 Nc6 3.d4 exd4 4.c3 dxc3 5.Bc4 d6 6.Nxc3 Be6 7.Bxe6 fxe6 8.Qb3 Qc8 9.Ng5
e5 10.Qf7+ Kd8 11.Ne6+ Qxe6 12.Qxe6 Nd4 13.Qf7 Kc8 14.Qe8#   1-0

[Event "Oberbayerische Jugend-EM 2014/15  U16/U16w"]
[Site "Riedenburg"]
[Date "2015.02.21"]
[Round "7"]
[White "von Schlippe, Nikolai"]
[Black "Gauchel, Lorenz"]
[Result "1-0"]
[BlackElo "1811"]
[WhiteElo "1972"]

1.e4 Nf6 2.d3 d5 3.e5 Nfd7 4.f4 e6 5.Nf3 c5 6.c3 Nc6 7.d4 Be7 8.Bd3 Qb6 9.Bc2 cxd4
10.cxd4 f6 11.Nc3 O-O 12.Be3 fxe5 13.Na4 Qa5+ 14.Bd2 Bb4 15.fxe5 Bxd2+ 16.Qxd2 Qxd2+
17.Kxd2 Nb4 18.Bb1 b6 19.a3 Nc6 20.Bd3 Rxf3 21.gxf3 Nxd4 22.Ke3 Nb3 23.Rad1 Nxe5
24.Kf4 Nf7 25.Bb1 Bd7 26.Nc3 Rc8 27.Ba2 Na5 28.Rhe1 Kf8 29.Re2 Nc4 30.Rc1 Ncd6 31.Rce1
Nc4 32.Rc1 Ncd6 33.Rce1 Nf5 34.Nd1 h5 35.Rxe6 Bxe6 36.Rxe6 Ne7 37.Re2 g5+ 38.Ke3
Re8 39.Kd3 Rd8 40.Nc3 Ng6 41.Kd4 Nf4 42.Re1 Rd7 43.Nxd5 Nd8 44.Rd1 Nc6+ 45.Ke4 Kg7
46.Rg1 Kh6 47.Nxf4 Rd4+ 48.Ke3 Rxf4 49.Rc1 Ne5 50.Bd5 Rh4 51.Rc7 Rxh2 52.Be4 g4 53.f4
Rh3+ 54.Kd4 Ng6 55.Rc6 Kg7 56.Rxg6+ Kf7 57.Rg5 g3 58.Bf5 Rh4 59.Rxg3 Rxf4+   1-0

[Event "Oberbayerische Jugend-EM 2014/15  U16/U16w"]
[Site "Riedenburg"]
[Date "2015.02.21"]
[Round "7"]
[White "Gnettner, Fabian"]
[Black "Wagner, Patrick"]
[Result "0-1"]
[BlackElo "1492"]
[WhiteElo "1587"]

1.c4 Nf6 2.g3 c6 3.Bg2 d5 4.d4 e6 5.Nc3 Nbd7 6.a3 Be7 7.c5 O-O 8.Bf4 Re8 9.Nf3 Nf8
10.h4 Ng6 11.h5 Nxf4 12.gxf4 h6 13.Qc2 Qc7 14.e3 b6 15.Na4 Rb8 16.b4 bxc5 17.Nxc5
Nd7 18.Nxd7 Bxd7 19.Ne5 a5 20.Nxd7 Qxd7 21.bxa5 Qa7 22.O-O Qxa5 23.a4 c5 24.dxc5
Bxc5 25.f5 Bd6 26.fxe6 Rxe6 27.Bf3 Rf6 28.Be2 d4 29.e4 Qg5+   0-1

[Event "Oberbayerische Jugend-EM 2014/15  U16/U16w"]
[Site "Riedenburg"]
[Date "2015.02.21"]
[Round "7"]
[White "Ovsepyan, Arshak"]
[Black "Hausmann, Sarah"]
[Result "1-0"]
[BlackElo "1399"]
[WhiteElo "2115"]

1.d4 Nf6 2.c4 g6 3.Nc3 Bg7 4.e4 d6 5.Nge2 Nc6 6.f3 e5 7.d5 Ne7 8.Be3 Nd7 9.Qd2 O-O
10.Nc1 f5 11.Nd3 Nb6 12.b3 c6 13.Be2 Bd7 14.O-O Qc7 15.Kh1 Rac8 16.Rac1 Be8 17.c5
Nd7 18.cxd6 Qxd6 19.dxc6 Nxc6 20.Nb5 Qb8 21.Nc5 Nd4 22.Nxd7 Bxd7 23.Nxd4 exd4 24.Bxd4
Qd6 25.Bc4+ Be6 26.Bxe6+ Qxe6 27.Bxg7 Rxc1 28.Rxc1 Kxg7 29.Rc7+ Rf7 30.exf5 Qxf5
31.Qc3+ Qf6 32.Qxf6+ Kxf6 33.Rxf7+ Kxf7 34.Kg1 Ke7 35.Kf2 Kd6 36.Ke3 Ke5 37.f4+ Kf5
38.Kf3 h5 39.g3 b6 40.h3 a5   1-0

[Event "Oberbayerische Jugend-EM 2014/15  U16/U16w"]
[Site "Riedenburg"]
[Date "2015.02.21"]
[Round "7"]
[White "Daoud, Marcel"]
[Black "Shvartsman, Kristina"]
[Result "1-0"]
[BlackElo "1364"]
[WhiteElo "1672"]

1.e4 c5 2.Nc3 d6 3.f4 Nc6 4.Nf3 Nf6 5.Bb5 Bd7 6.O-O e6 7.d3 Be7 8.Bd2 a6 9.Bxc6 Bxc6
10.Qe1 O-O 11.Ne2 b5 12.Ng3 Qb6 13.f5 Rfe8 14.Qf2 Ng4 15.Qe2 exf5 16.Nxf5 Bf8 17.h3
Nf6 18.N3h4 d5 19.Nh6+ gxh6 20.Rxf6 Bg7 21.Qg4 Bd7 22.Qxg7+ Kxg7 23.Rxb6 dxe4 24.Bxh6+
Kg8 25.Rd6 Ra7 26.dxe4 Rxe4 27.Nf5 Bxf5 28.Rd8+   1-0

[Event "Oberbayerische Jugend-EM 2014/15  U16/U16w"]
[Site "Riedenburg"]
[Date "2015.02.21"]
[Round "7"]
[White "Manco, Michel"]
[Black "Gauchel, Verena"]
[Result "1/2-1/2"]
[BlackElo "1287"]
[WhiteElo "1640"]

1.e4 c5 2.Nf3 Nc6 3.c3 Nf6 4.e5 Nd5 5.d4 cxd4 6.cxd4 g6 7.Nc3 Nb6 8.a3 Bg7 9.Bf4 O-O
10.Bd3 Re8 11.O-O d6 12.h3 dxe5 13.dxe5 Be6 14.Qe2 Rc8 15.Rfd1 Nd7 16.Rac1 a6 17.Qe3
Qc7 18.Re1 Qb6 19.Qd2 Qc7 20.Qe2 Red8 21.Bg3 Ndxe5 22.Nxe5 Nxe5 23.Bxa6 bxa6 24.Bxe5
Qxe5 25.Qxe5 Bxe5 26.Rxe5 Rd2 27.b4 Rd3 28.Re3 Rxe3 29.fxe3 Kf8 30.Ne2 Rxc1+ 31.Nxc1
Ke8 32.Ne2 Kd7 33.Nc3 Kc6 34.Kf2 f5 35.Kg3 Bd5 36.h4 h6 37.Kf2 e6 38.g3 a5 39.Ke1
Bb3 40.Kd2 g5 41.hxg5 hxg5 42.Ke1 Bc4 43.Kf2 Bd5   1/2-1/2

[Event "Oberbayerische Jugend-EM 2014/15  U16/U16w"]
[Site "Riedenburg"]
[Date "2015.02.21"]
[Round "7"]
[White "Tupta, Szymon"]
[Black "Schumann, Oliver"]
[Result "0-1"]
[BlackElo "1597"]
[WhiteElo "1505"]

1.e4 e5 2.Nf3 Nc6 3.Bc4 Bc5 4.d3 Nf6 5.Nc3 h6 6.Be3 Bb6 7.d4 exd4 8.Nxd4 d6 9.f3 Bd7
10.Qd2 Qe7 11.O-O-O O-O-O 12.Nxc6 Bxc6 13.Bxb6 axb6 14.Rhe1 Be8 15.Re3 Nd7 16.Nd5
Qh4 17.Qc3 f6 18.Bb5 Nc5 19.Bxe8 Rhxe8 20.h3 Kb8 21.Nxc7 Kxc7 22.b4 Qg5 23.bxc5 bxc5
24.g4 Ra8 25.Kb1 Ra6 26.Red3 Qe5 27.Rd5 $4   0-1

[Event "Oberbayerische Jugend-EM 2014/15  U16/U16w"]
[Site "Riedenburg"]
[Date "2015.02.21"]
[Round "7"]
[White "Schuster, Patrick"]
[Black "Kobl, Rudolf"]
[Result "1/2-1/2"]
[BlackElo "1622"]
[WhiteElo "1203"]

1.e4 c5 2.Nf3 d6 3.d4 cxd4 4.Nxd4 Nf6 5.Nc3 g6 6.Bg5 Bg7 7.Be2 Nc6 8.O-O O-O 9.h3
h6 10.Bh4 Qb6 11.Nb3 g5 12.Bg3 Bd7 13.Kh1 a5 14.a4 Rfc8 15.f4 Nh7 16.Bf2 Qb4 17.Qd3
Be6 18.Na2 Qxa4 19.Nc3 Qb4 20.Ra4 Bxc3 21.Rxb4 Nxb4 22.Qb5 Bxb3 23.bxc3 Bxc2 24.cxb4
a4 25.Ra1 gxf4 26.Bd3 Bb3 27.Ra3 Rc1+ 28.Kh2 Ng5 29.Qxb7 Rac8 30.Qxe7 f3 31.Qxd6
fxg2 32.Kxg2 R1c6 33.Qg3 Rg6 34.Qe5 Nxe4+ 35.Kf3 Ng5+ 36.Ke3 Re6 37.Qxe6 Nxe6 38.Bf5
Re8 39.Kf3 Ng5+ 40.Kg4 Ne4 41.Ba7 Nc3 42.Ra1 Nd5 43.b5 Nc7 44.b6 Na6 45.Bd3 Nb8 46.Bb5
Rd8 47.Kg3 Kf8 48.Bxa4 Bxa4 49.Rxa4 Ke7 50.Rc4 Na6 51.b7 Rg8+ 52.Kf3 Kd7 53.Kf4 Nb8
54.h4 Na6 55.Kf5 Re8 56.Kf6 Re6+ 57.Kxf7 Re7+ 58.Kg6 Re6+ 59.Kg7 Re7+ 60.Kxh6 Re6+
61.Kg5 Re5+ 62.Kg4 Re8 63.h5 Rg8+ 64.Kf5 Rf8+ 65.Kg6 Re8 66.h6 Re6+ 67.Kg7 Re7+ 68.Kg6
Re6+ 69.Kg7 Re5   1/2-1/2